000 00499nam a22000977a 4500
100 _aसिंह,डॉ. आदित्‍य प्रसाद
_981161
245 _aझारखण्‍ड की जनजातीय लोक संस्‍कृति पर्व त्‍योहार एवं देवी देवता
260 _aदिल्‍ली
_bविकल्‍प प्रकाशन
_c2016
650 _aलोक साहित्‍य
_949621
942 _cHIN
999 _c64418
_d64418